000 00360 a2200169 4500
001 189230
020 _a85-01-04800-3
040 _cMagnum
100 _aParker, Rozsika
240 1 0 _aA mãe dividida
_lpor
245 1 0 _aA mãe dividida
300 _a366
362 0 _a1997
440 1 _aRecord
697 _aPSICOLOGIA E DISCIPLINAS AFINS
942 _cBK
999 _c189230
_d189230